000 00270nam a22001217a 4500
008 171031b xxu||||| |||| 00| 0 eng d
041 _aalb
080 _a33
100 _a59
101 _aBUS
245 _aORGANIZIMI DHE DREJTIMI I BIZNESIT
_cTALKA,Q
942 _2udc
_cBK
999 _c36896
_d36896